| 000 | 04994nam a2200469 a 4500 | ||
|---|---|---|---|
| 003 | CHAP | ||
| 005 | 20260210100311.0 | ||
| 007 | ta | ||
| 008 | 240418s2024 mx abdofom||| 001 0 spa d | ||
| 040 | _erda | ||
| 041 |
_aspa _beng |
||
| 100 | 1 |
_9188957 _aGarcía Nazario, Guadalupe Jazmín |
|
| 245 | 1 | 0 |
_aEvaluación del sistema interno de control (SIC) de la empresa Apicultores Unidos de la Península S.A. de C.V. en los Estados de Yucatán y Quintana Roo / _cGuadalupe Jazmín García Nazario |
| 264 | 1 |
_aChapingo, México : _bEl autor, _c2024 |
|
| 300 |
_a1 recurso en línea (v, 79 páginas) : _bilustraciones, mapas, gráficas, diagramas, tablas, fotos |
||
| 336 |
_2rdacontent _atexto _btxt |
||
| 337 |
_2rdamedia _acomputadora _bc |
||
| 338 |
_2rdacarrier _arecurso en línea _bcr |
||
| 502 |
_aMemoria de Experiencia Profesional _bIA _cAgroindustrias _d2024. _gLIC |
||
| 504 | _aBibliografía: páginas 78-79. | ||
| 520 | 3 | _aActualmente en México y en el mundo los alimentos producidos orgánicamente han tomado gran relevancia por la manera en la que estos se producen. El mercado europeo que es uno de los principales consumidores de miel en el mundo, en los últimos años se ha interesado por la miel producida de manera orgánica, por lo que se ha visto un incremento en la demanda. Por lo anterior, se detectó la necesidad de apicultores establecidos en los estados de Yucatán y Quintana Roo de certificar su producto como orgánico, siendo la miel obtenida en esta región muy valorada en el mercado internacional por sus características organolépticas, por lo que el presente trabajo tiene la intención de evaluar y dar seguimiento al Sistema Interno de Control que se implementó desde el año 2018 para la obtención y mantenimiento de un certificado orgánico en producción de miel. Desde la implementación del Sistema Interno de Control en la empresa Apicultores Unidos de la Península S.A. de C.V., se han logrado certificar a 7 grupos orgánicos de los estados de Yucatán y Quintana Roo; es decir; desde el 2018 y hasta la fecha se han certificado a 290 apicultores en producción de miel orgánica, logrando mantener en el proyecto a 209 apicultores, esto a través de un Sistema Interno de Control que es un sistema documentado que asegura la trazabilidad de la materia prima, además de detectar las necesidades del apicultor para brindar acompañamiento y una capacitación continua. | |
| 520 | 3 | _aCurrently, in Mexico and in the world, organically produced foods have gained great relevance due to the way in which they are produced. The European market, which is one of the main consumers of honey in the world, in recent years has been interested in organically produced honey, which is why there has been an increase in the demand for organic honey. Due to the above, the need for beekeepers established in the states of Yucatán and Quintana Roo to certify their product as organic was detected, with the honey obtained in this region being highly valued in the international market for its organoleptic characteristics, so the present work It intends to evaluate and monitor the Internal Control System that was implemented since 2018 to obtain and maintain an organic certificate in honey production. Since the implementation of the Internal Control System in the company Apicultores Unidos de la Península S.A. de C.V., 7 organic groups from the states of Yucatán and Quintana Roo have been certified; that is to say; Since 2018 and to date, 290 beekeepers have been certified in organic honey production, managing to keep 209 beekeepers in the project, this through an Internal Control System, which is a documented system that ensures the traceability of the raw material. , in addition to detecting the needs of the beekeeper to provide support and continuous training. | |
| 650 | 1 | 3 |
_9140677 _aMiel _xCertificación orgánica _2atg |
| 650 | 1 | 3 |
_9140677 _aMiel _xProducción orgánica _2atg |
| 650 | 1 | 0 |
_aMiel _xCalidad del producto _zMéxico _zYucatán _9148357 |
| 650 | 1 | 3 |
_9140677 _aMiel _xControl de calidad _zMéxico _zQuintana Roo _2atg |
| 650 | 1 | 3 |
_9189160 _aAlimentos ecológicos _2atg |
| 650 | 1 | 3 |
_9189158 _aApicultores _2atg |
| 650 | 1 | 3 |
_96246 _aApicultura _xAspectos económicos _2atg |
| 650 | 1 | 3 |
_9158819 _aHoney _xOrganic certification _2atg |
| 650 | 1 | 3 |
_9158819 _aHoney _xOrganic production _2atg |
| 650 | 1 | 3 |
_9158819 _aHoney _xQuality control _zMexico _zYucatán _2atg |
| 650 | 1 | 3 |
_9158819 _aHoney _xQuality control _zMexico _zQuintana Roo _2atg |
| 650 | 1 | 3 |
_9189161 _aOrganic foods _2atg |
| 650 | 1 | 3 |
_aApiculture _zMexico _zYucatán _9150671 _2atg |
| 650 | 1 | 3 |
_9189159 _aBeekeepers _2atg |
| 700 | 1 |
_9151219 _aEspejel Zaragoza, José Alfredo _edirector |
|
| 700 | 1 |
_9147446 _aEspejel García, Anastacio _easesor |
|
| 700 | 1 |
_9150304 _aRamírez Sepúlveda, Marco Favio _easesor |
|
| 856 | 4 | 0 |
_uhttp://10.13.5.2/tesis/tl/1112133-4_GARCIA_NAZARIO_GUADALUPEJAZMIN.pdf _zDESCARGAR PDF |
| 942 |
_2Clasificación Universidad Autónoma Chapingo _cTD |
||
| 999 |
_c219859 _d219859 |
||